Information technology and the corporation of the 1990s : research studies
Αποθηκεύτηκε σε:
| Άλλοι συγγραφείς: | , |
|---|---|
| Μορφή: | Βιβλίο |
| Γλώσσα: | English |
| Δημοσίευση: |
New York :
Oxford University Press,
1994
|
| Θέματα: | |
| Ετικέτες: |
Προσθήκη ετικέτας
Δεν υπάρχουν, Καταχωρήστε ετικέτα πρώτοι!
|
MARC
| LEADER | 00000cam a2200000 i 4500 | ||
|---|---|---|---|
| 001 | 1/54185 | ||
| 008 | 980406s1994 eng d | ||
| 020 | |a 0195068068 | ||
| 035 | |l 10027643 | ||
| 040 | |a GR-MY-UA |b gre |e aacr | ||
| 041 | 0 | |a eng | |
| 082 | 0 | |a 658.4038 | |
| 245 | 1 | 0 | |a Information technology and the corporation of the 1990s : |b research studies / |c edited by: Thomas J. Allen, Michael S. Scott Morton |
| 260 | |a New York : |b Oxford University Press, |c 1994 | ||
| 300 | |a xii, 532 p. | ||
| 504 | |a Includes index | ||
| 650 | 0 | 0 | |a Management |x Data processing. |
| 650 | 0 | 0 | |a Information technology |x Management. |
| 650 | 0 | 0 | |a Organizational change. |
| 700 | 1 | |a Allen, Thomas J. |q (Thomas John) |d 1931- |e edt | |
| 700 | 1 | |a Scott Morton, Michael S. |e edt | |
| 852 | |a INST |b CHIOS |e 19980406 |h 658.4038 INF |p 005200009591 |q 005200009591 |t BK |y 0 | ||
| 901 | |a BIBL-1998-1 | ||
| 909 | |a Χ |b 054369 | ||
| 922 | |a 2ΕΛΗ |b 199803 |c ΤΔΕ |d ΠΑΠΑΣΩΤΗΡΙΟΥ | ||